000 00848cam a2200265 a 4500
001 2486696
003 OSt
005 20180116183027.0
008 910411s1991 nyuab 000 1 eng
010 _a 91017701
020 _a0688046606 (acidfree paper) :
_c$23.00 ($29.95 Can.)
040 _aDLC
_cDLC
_dDLC
_dOCoLC
050 0 0 _aPR6056.O45
_bN54 1991
082 0 0 _a813.54 FOL 1991
_220
100 1 _aFollett, Ken.
245 1 0 _aNight Over Water
_cKen Follett.
250 _a1st ed.
260 _aNew York :
_bMorrow,
_cc1991.
300 _a526 p. :
_bPB
_c24 cm.
440 _aNight Over Water
650 0 _aTransatlantic flights
_xFiction.
906 _a7
_bcbc
_corignew
_d1
_eocip
_f19
_gy-gencatlg
942 _2ddc
_cBK
999 _c350845
_d350845